00691nam a2200193Ia 450000500170000000800410001702000180005804100120007608200180008810000180010624500480012426000590017230000180023165000240024965000210027394200070029499900170030195201790031820260429112034.0260429s9999||||xx |||||||||||||| ||und|| a9781804896525 aEnglish a338.4791bIQB aIqbal, Mandy  0aCultural tourism management / cMandy Iqbal aUnited Kingdom : bBrilliant Publication Ltd. ,c2026. ax, 286 p.; hb a Tourism management aCultural tourism cTB c52025d52025 001040708NFICaCUTNbCUTNc300d2026-04-29eKiran Book Service, New Delhi - Invoice No. IN-00114 on 09-02-2026l0o338.4791 IQBp57068r2026-04-29 11:20:34w2026-04-29yTB